| Tag |
First Indicator |
Second Indicator |
Subfields |
| LEADER |
00000cgm a2200000za 4500 |
| 001 |
in00003590821 |
| 006 |
m o c |
| 007 |
vz uzazuu |
| 007 |
cr una---unuuu |
| 008 |
150908p20152013cau091 o vlund d |
| 005 |
20260324170726.3 |
| 028 |
5 |
2 |
|a 1156444
|b Kanopy
|
| 035 |
|
|
|a (CaSfKAN)kan1156444
|
| 040 |
|
|
|a VDU
|b eng
|c VDU
|d UtOrBLW
|
| 245 |
0 |
0 |
|a Spark.
|
| 264 |
|
1 |
|a [San Francisco, California, USA] :
|b Kanopy Streaming,
|c 2015.
|
| 300 |
|
|
|a 1 online resource (streaming video file)
|
| 306 |
|
|
|a Duration: 90 minutes
|
| 336 |
|
|
|a two-dimensional moving image
|b tdi
|2 rdacontent
|
| 337 |
|
|
|a computer
|b c
|2 rdamedia
|
| 338 |
|
|
|a online resource
|b cr
|2 rdacarrier
|
| 500 |
|
|
|a Title from title frames.
|
| 518 |
|
|
|a Originally produced by Passion River Productions in 2013.
|
| 520 |
|
|
|a Each year, 60,000 people from around the globe gather in the Nevada desert for the week-long Burning Man festival, where they party and collaborate on large-scale art before burning a giant effigy in a ritual frenzy. Rooted in self-expression, self-reliance and community effort, Burning Man has grown famous for stirring ordinary people to shed their nine-to-five existence and act on their dreams. SPARK takes us behind the curtain with Burning Man organizers and participants, revealing a year of unprecedented challenges and growth.
|
| 538 |
|
|
|a Mode of access: World Wide Web.
|
| 546 |
|
|
|a In English
|
| 500 |
|
|
|a Electronic resource.
|
| 653 |
|
|
|a Documentaries
|
| 653 |
|
|
|a North American Studies
|
| 653 |
|
|
|a Visual Art
|
| 655 |
|
7 |
|a Nonfiction films.
|2 lcgft
|0 http://id.loc.gov/authorities/genreForms/gf2011026423
|
| 655 |
|
7 |
|a Internet videos.
|2 lcgft
|0 http://id.loc.gov/authorities/genreForms/gf2011026337
|
| 700 |
1 |
|
|a Brown, Steve,
|e filmmaker.
|0 http://id.loc.gov/authorities/names/n83071554
|
| 700 |
1 |
|
|a Deeter, Jessie,
|e filmmaker.
|0 http://id.loc.gov/authorities/names/no2006131890
|
| 710 |
2 |
|
|a Kanopy (Firm)
|0 http://id.loc.gov/authorities/names/no2014091415
|
| 856 |
4 |
0 |
|u http://proxy.library.tamu.edu/login?url=https://texasam.kanopystreaming.com/node/156445
|z Connect to this streaming video
|t 0
|
| 999 |
f |
f |
|s 4f8b7149-0747-3f79-9c47-6ec4f2989970
|i ad75a2de-00be-3435-abe4-808eb4ecac5b
|t 0
|
| 952 |
f |
f |
|a Texas A&M University
|b College Station
|c Electronic Resources
|s www_evans
|d Available Online
|t 0
|h No information provided
|
| 998 |
f |
f |
|t 0
|l Available Online
|